00348nam a2200133Ia 4500008004100000041000800041082002800049100002300077245002800100250001100128260003300139300001400172650002800186260417s2024 xx 000 0 und d aeng a844.104416/KUCbDI-1144 aPROF. B.S.KUCHEKAR aPHARMACY LAW AND ETHICS a3RD ed aPUNEb2024bNIRALI PRAKASHAN aP.B/21.5p aPHARMACY ETHICS AND LAW